000 01109cam a2200289 a 4500
999 _c331993
_d331993
001 1160966
003 NUST
005 20171107101021.0
008 960314s1997 flua b 001 0 eng
010 _a 96005855
020 _a0873715691 (alk. paper)
040 _aDLC
_cDLC
_dDLC
050 0 0 _aTD427.N5
_bC36 1997
082 0 0 _a628.16841 CAN
_220
100 1 _aCanter, Larry W.
_96030
245 1 0 _aNitrates in groundwater /
_cLarry W. Canter.
260 _aBoca Raton, Fla :
_bCRC Lewis,
_cc1997.
300 _a263 p. :
_bill. ;
_c24 cm.
500 _aH.B
504 _aIncludes bibliographical references and index.
650 0 _aNitrates
_xEnvironmental aspects.
_96031
650 0 _aAgricultural pollution.
_96032
650 0 _aGroundwater
_xPollution.
_92330
856 4 2 _3Publisher description
_uhttp://www.loc.gov/catdir/enhancements/fy0744/96005855-d.html
906 _a7
_bcbc
_corignew
_d1
_eocip
_f19
_gy-gencatlg
942 _2ddc
_cBK
_kIESE